| 000 | 00878nam a22003017a 4500 | ||
|---|---|---|---|
| 001 | 0007708 | ||
| 003 | KOHA_MİRAKIL | ||
| 005 | 20260207001607.0 | ||
| 007 | ta | ||
| 008 | 091001b1995 tu |||gr||||#||||0|eng | | ||
| 020 | _c0,01 | ||
| 040 |
_aTR-BiSEU _btur _cTR-BiSEU _erda |
||
| 041 | 0 | _aeng | |
| 044 | _ctu | ||
| 050 |
_aQD257.5 _b.I58 1995 |
||
| 245 | 0 |
_aIntroduction to experimental organic chemistry/ _cedited by Tereza Varnalı. |
|
| 264 | 1 |
_aİstanbul : _bBoğaziçi Üniversitesi _c1995 |
|
| 300 | _aii, 159 sayfa: resimli | ||
| 336 |
_ametin _btxt _2rdacontent |
||
| 337 |
_aaracısız _bn _2rdamedia |
||
| 338 |
_acilt _bnc _2rdacarrier |
||
| 490 | 1 |
_aPublication Nuber ; _v575. |
|
| 500 | _aKaynakça var. | ||
| 650 | 0 |
_aChemistry-Experiments. _919134 |
|
| 650 | 0 |
_aChemistry, Organic. _91515 |
|
| 830 | 1 |
_aPublication Nuber ; _v575. _919135 |
|
| 942 |
_2lcc _cBK |
||
| 999 |
_c7685 _d7685 |
||